Comics para hablar
Saved in:
| Main Authors: | , |
|---|---|
| Format: | Bog |
| Sprog: | spansk |
| Udgivet: |
Madrid
CEPE
1993
|
| Serier: | Colección Reeducación Logopédica, 10
|
| Fag: | |
| Tags: |
Tilføj Tag
Ingen Tags, Vær først til at tagge denne postø!
|
MARC
| LEADER | 00000nam a2200000 a 4500 | ||
|---|---|---|---|
| 001 | UCO6636 | ||
| 003 | CL-VaPUC | ||
| 008 | 001027e19930000SP |||||||||||||||||spa|d | ||
| 082 | 0 | 4 | |a 372.6 |b MON |2 21 |
| 100 | |a Monfort, Marc |e autor |9 619135 | ||
| 700 | 0 | |a Juárez Sánchez, Adoración |e author |9 451437 | |
| 245 | 1 | 0 | |a Comics para hablar |
| 300 | |a v | ||
| 942 | |c BK | ||
| 945 | |d 20001027 00:00:00 |a vberengu | ||
| 260 | |a Madrid |b CEPE |c 1993 | ||
| 650 | 0 | |a Educación básica |9 224933 | |
| 650 | 0 | |a Educación lingüística |9 306506 | |
| 650 | 0 | |a Enseñanza del lenguaje |9 373325 | |
| 650 | 0 | |a Métodos de enseñanza |9 270413 | |
| 583 | |a last modification |c 20001027 00:00:00 |k Rodrigo Vera | ||
| 490 | 0 | |a Colección Reeducación Logopédica, 10 | |
| 999 | |c 292115 |d 292113 | ||
| 952 | |0 0 |1 0 |4 0 |6 372_600000000000000_MON_1993 |7 0 |8 A |9 342719 |a BIBEDU |b BIBEDU |d 2019-11-20 |h v.3 |i 3661601 |o 372.6 MON 1993 |p 3661601 |r 2019-11-20 |w 2019-11-20 |y BK |k BME | ||
| 952 | |0 0 |1 0 |4 0 |6 372_600000000000000_MON_1993 |7 0 |8 A |9 342720 |a BIBEDU |b BIBEDU |d 2019-11-20 |h v.3 |i 3683311 |o 372.6 MON 1993 |p 3683311 |r 2019-11-20 |w 2019-11-20 |y BK |k EDU | ||